00269nam a22001097a 4500020001800000082001700018100002900035245003900064260003200103300000800135650001600143 a9789351790716 a303.6677 KHA aKhan, Maulana Wahiduddin aThe Age of Peace: Peace is the ... aNoidabGoodword Booksc2015 a192 aPeace-Islam